| 000 | 01088nam a22003257a 4500 | ||
|---|---|---|---|
| 003 | CHAP | ||
| 005 | 20220329143149.0 | ||
| 008 | 060912d2005 m r 00110 eng d | ||
| 010 | _a92725 | ||
| 011 | _a93697 | ||
| 035 | _a104277 | ||
| 040 | _cCHAP | ||
| 090 | _aFolleto 17150 | ||
| 110 | 0 |
_aGeneration Challenge Programme. México _947457 |
|
| 245 | 1 | 0 |
_a2005 annual report and year three (2006) workplan _c/by Generation Challenge Programme |
| 260 |
_aMéxico, D. F. : _bGeneration Challenge Programme, _c2005. |
||
| 300 |
_a52 p. : _bilus. |
||
| 590 |
_aBATCH-UPD _b10 _c20130110 _lUCH01 _h1949 |
||
| 590 |
_aBATCH-UPD _b10 _c20130410 _lUCH01 _h1311 |
||
| 590 |
_aBATCH-UPD _b10 _c20130914 _lUCH01 _h1122 |
||
| 590 |
_aBATCH-UPD _b10 _c20140805 _lUCH01 _h1148 |
||
| 590 |
_aCONVERSION _b10 _c20130109 _lUCH01 _h1351 |
||
| 650 | 1 | 4 |
_aAgricultura _xInvestigación. _91577 |
| 650 | 1 | 4 |
_aCultivos _xInvestigación. _930285 |
| 650 | 1 | 4 |
_aCultivos _xMejoramiento. _930293 |
| 901 | _aBK | ||
| 905 | _aLilia | ||
| 942 | _cFOLL | ||
| 949 |
_aFolleto 17150 _bBC _cFOLL _d00000001042771 _eTS1 _i104277 _sb |
||
| 999 |
_c92725 _d92725 |
||